00577nam a2200133Ia 4500008004100000020002200041100002500063245009500088260004900183300002800232650002600260999001900286952013800305200911s9999 xx 000 0 und d a978-971-98-0936-4 aWani-Obias, Rhodalyn cRhodalyn Wani-Obias, Aaron A. Mallari, Janet R. EstellaaThe Life and works of Jose Rizal/ aQuezon City:bC and E Publishing, Inc.c2018 aviii, 181 pagesc22 cm. aRizal, Jose 1861-1896 c364190d364190 001040aCLbCLcFILd2020-09-11eLibrary fundl1m2oDS 675.8.R62 .W36 2018pC22369r2022-11-18 00:00:00s2022-08-03w2020-09-11yBK